000 00629nab a2200181 4500
001 244442
003 OSt
005 20240109124328.0
007 tu
008 200917s2020|||||||
040 _aDE-2950
_cDE-2950
245 0 0 _aZirkusshow zum Jahresende
_bManege frei. Von heute ab bis 7. Januar gastiert erstmals der Weihnachtscircus aus Herzberg in Frankfurt. Wie die Vorbereitungen liefen und was geboten wird/
_cRené Matschkowiak
264 _c2023
653 _aFrankfurt (Oder)
653 _aWeihnachtszirkus
773 0 _g34. Jahrgang (2023) Nr. 297 vom 21.12.2023, S. 15, mit Foto
_tMärkische Oderzeitung
942 _2z
_cA
999 _c372898
_d372898